Open Data Biblioteca Nacional de Portugal


República Portuguesa: Ministério da Cultura
Biblioteca Nacional de Portugal

Catálogo da BNP: acesso por Identificadores Unívocos
Registos Bibliográficos associados ao registo de autoridade

Etiqueta de registo: 00000nkm 2200025 450
001 2273843
003 http://id.bnportugal.gov.pt/bib/catbnp/2273843
100 ## $a20260302d1985 m y0pory01030103ba
101 0# $apor
102 ## $aPT
200 1# $aCerâmica de Alpiarça, da colecção arqueológica do Museu dos Patudos e do Museu de Antropologia da Universidade do Porto, e peças comparáveis de outras colecções, Alpiarça, 15 de junho a 7 de julho de 1985, Exposição Temporária na Galeria dos Patudos$bVisual gráfico]$fFotos:P.Witte$gDesg.:IAA-Lx
210 #9 $a[S.l.$cs.n.],$d1985
215 ## $a1 cartaz$cp&b.$d53,3x41,2 cm
317 ## $aColeção Madeira Luís
330 ## $aCartaz contém uma prova de contacto de oito fotografias a preto e branco de peças cerâmicas
702 #1 $aWitte,$bP.$4600$31988090
712 02 $aInstituto Arqueológico Alemão$4410$31986324
801 #0 $aPT$bBN$gRPC
966 ## $lBN$mICONOG$sCT. 23035 A.$x3
971 ## $cCaticonografia5$d20260302
995 ## $aPRR2026

OpendataBNP@bnportugal.pt | Mais informação sobre acesso aos dados BNP